00850nam a22002417a 450000500170000001000130001702000230003003500130005303700160006604000120008208200130009424500920010726000370019927000480023630000210028450000190030565000610032465000300038570000260041594200220044199900190046395201260048220170124110119.0 aB-128411 c450.00a8187496347 aB-128411 bCen Lib/Ret aDPLbEN a921bACR aAcross time and continents :cedited by Prakash Karatba tribute to Victor G. Kiernan / aNew Delhi bLeftWord Booksc2003 a12 Rajendra Prasad RoadbNew Delhi e110001 a255p. c22cm(Hb) aIncludes index aIndia -- History -- British occupation, 1765-1947930283 aCommunism -- India928075 aKarat, Prakash930284 2ddccENh921mACR c130861d130861 00104070aLbLd2015-07-10eCen Lib/Ret g450.00l0o921 ACRpB-128411r2015-07-10 00:00:00t1v450.00w2015-07-10yEN